00302nam a2200121Ia 4500003000400000005001700004008004100021020001500062040002000077100002100097245003700118260002500155OSt20240102051905.0170524s9999 xx 000 0 und d a8171416853 cIIMT UNIVERSITY aSHARMA- SHRI RAM 0aINDIA -CHINA RELATIONS 1972-1991 bNEW DELHI: DISCOVERY